Clases sociales y estructuras políticas /

Bibliographic Details
Main Author: Di Tella, Torcuato S., 1929-
Format: Book
Language:Spanish
Published: Buenos Aires : Paidós, 1974.
Edition:2. ed., aumentada.
Series:Biblioteca América Latina : Serie menor ; v. 19
Subjects:

MARC

Tag First Indicator Second Indicator Subfields
LEADER 00000cam a22000001i 4500
001 in00001651621
005 20151023092146.0
008 790523s1974 ag b 000 0 spa
010 |a  75573569  
035 |a (OCoLC)ocm01443385 
040 |a DLC  |c DLC  |d TXA  |d UtOrBLW 
043 |a cl----- 
049 |a TXAM 
050 0 0 |a HN110.5.Z9  |b S633 1974 
082 0 |a 301.44/098 
100 1 |a Di Tella, Torcuato S.,  |d 1929- 
245 1 0 |a Clases sociales y estructuras políticas /  |c Torcuato S. Di Tella. 
250 |a 2. ed., aumentada. 
264 1 |a Buenos Aires :  |b Paidós,  |c 1974. 
300 |a 143 pages ;  |c 20 cm. 
336 |a text  |b txt  |2 rdacontent 
337 |a unmediated  |b n  |2 rdamedia 
338 |a volume  |b nc  |2 rdacarrier 
490 0 |a Biblioteca América Latina : Serie menor ;  |v v. 19 
500 |a Published in 1970 under title: Hacia una política latinoamericana. 
504 |a Includes bibliographical references. 
650 0 |a Social classes  |z Latin America. 
650 0 |a Political parties  |z Latin America. 
650 0 |a Intellectuals  |z Latin America. 
651 0 |a Latin America  |x Politics and government. 
994 |a E0  |b TXA 
948 |a cataloged  |b h  |c 2001/11/8  |d c  |e bhartsfi  |f 3:31:32 pm 
999 |a MARS 
999 f f |s 93cf95a7-a068-3158-9bd2-e55f1a786164  |i 5cadd368-23f0-38a5-8070-c76d9d82a067  |t 0 
952 f f |p ric  |a Texas A&M University  |b Rellis Campus  |c Joint Library Facility  |d Remote Storage  |t 0  |e HN110.5.Z9 S633 1974  |h Library of Congress classification  |i unmediated -- volume  |m A14828285150 
998 f f |a HN110.5.Z9 S633 1974  |t 0  |l Remote Storage